Quizzes
Events
Quiz Creation
Community
Videos
Private Events
Remove Ads
Sign In
Join for FREE
Feedback
Dark Mode
Quiz Categories
Sports
Geography
Music
Movies
Television
Just For Fun
Miscellaneous
History
Literature
Language
Science
Gaming
Entertainment
Religion
Holiday
For Kids
Quiz Lab
Recent
Popular Today
Quiz Kudos Today
Editor Picks
Curator Picks
Quizzes by...
Day
Popularity
Type
Ratings
Length
Year
Community
Subscriptions
Recent Discussions
Orange Saloon
Badges
Playlists
Quests
Create
Leaderboards
Showdown
Live 5
Trivia Bingo
Activity
Puzzle Library
Sporcle Events
Private Events
Virtual Trivia
Globe League
Become a Host
Pub Owners
SporcleCon
Opinionation
Our Games
Videos
Blog
Mobile Apps
Partnerships
Remove Ads and Go Orange
Feedback
Television
TV Characters
TV Show
Sitcom
Network
Friends
Reality Shows
Cast
South Park
Star Trek
The Simpsons
Doctor Who
Television
TV Characters
TV Show
Sitcom
Network
Friends
Reality Shows
Cast
South Park
Star Trek
The Simpsons
Doctor Who
Random Quiz
Search Sporcle
×
Quiz Lab
Quiz Lab
Television
Show
Type in answers that appear in a list
Type in answers that appear in a list
Classic
Best Score? Go Orange.
Emmys (Comedy)1950-1977 Stats
Can you name the the winner of Emmys for best comedy from 1950-1977?
By
gandalf
6m
28 Questions
230 Plays
230 Plays
230 Plays
Comments
Comments
Give Quiz Kudos
Give Quiz Kudos
-
- Ratings
hide this ad
Replay
Link that replays current quiz
Next Quiz
Link to next quiz in quiz playlist
You Got
0%
They Got
Avg Score
43%
Avg Friend Score
Upgrade to see
Score Distribution
Jump to the score distribution portion of the page
Score
0/28
Timer
06:00
0
Plays Today
Year
Name of Show
% Correct
1953
I Love Lucy
87.4%
1954
I Love Lucy
87.4%
1971
All in the Family
85.2%
1972
All in the Family
85.2%
1973
All in the Family
85.2%
1975
The Mary Tyler Moore Show
74.3%
1976
The Mary Tyler Moore Show
74.3%
1977
The Mary Tyler Moore Show
74.3%
1963
The Dick Van Dyke Show
66.1%
1964
The Dick Van Dyke Show
66.1%
1965
The Dick Van Dyke Show
66.1%
1966
The Dick Van Dyke Show
66.1%
1974
M*A*S*H
55.2%
1968
Get Smart
27.4%
Year
Name of Show
% Correct
1969
Get Smart
27.4%
1955
Make Room For Daddy
25.7%
1962
The Bob Newhart Show
22.2%
1956
The Phil Silvers Show
19.6%
1957
The Phil Silvers Show
19.6%
1958
The Phil Silvers Show
19.6%
1967
The Monkees
16.5%
1959
The Jack Benny Show
15.2%
1961
The Jack Benny Show
15.2%
1952
The Red Skelton Show
12.6%
1970
My World and Welcome to It
8.3%
1950
Texaco Star Theatre
7.8%
1960
The Art Carney Special
3.9%
1951
Pulitzer Prize Playhouse
1.7%
Quiz Playlist
Details
Report
Send in Message
Add To Playlist
Classic:
Type in answers that appear in a list
Last Updated: Feb 16, 2017
Quiz Scoreboard
CHALLENGE
Sign Up to Join the Scoreboard
Show All
Scores
Hide
Comments
May contain spoilers
Recently Published
9x9 Crossword: Cartoon Network
by jackfrog10
Miscellaneous
3m
College Basketball Coaching Resumes
by pancakes188
Sports
9m
Billboard Blitz: Fleetwood Mac
by CooCooCachoo
Music
15s
More to Explore
Quiz From the Vault
Featured Blog Post
Where Did the Easter Bunny Come From?
hide this ad
You Might Also Like...
Tags
Show Quiz
Comedy
emma
Winner
Today's Top Quizzes in Television
Browse Television
hide this ad
Today's Top Quizzes in Show
Browse Show
Top Contributed Quizzes in Television
1
5-to-1: The Simpsons Families
2
5-to-1: Television Doctors
3
Adjectives in 80s TV Shows
4
Adjectives in 00s TV Shows
5
7-to-1: TV Show Settings
6
Adjectives in 10s TV Shows
7
Survivor Journey Challenge
8
5-to-1: Streaming Originals
9
Survivor Seasons
10
One Piece Logic Puzzle
Explore More
Trending Topics
Anime
NBA
Disney
Kpop
Marvel
Harry Potter
Crossword
NFL
Country
The Office
Pokémon
WWE
Song
Soccer
Puzzle
hide this ad
More By:
gandalf
Quiz
Plays
Rating
Category
Featured
Created
Two Syllable Countries
89,009
4.07
Geography
Oct 17, 2009
Abbott and Costello Movies
4,027
3.30
Movies
Oct 18, 2009
AFI 100 Directors with Multiple Films
3,587
4.08
Movies
Nov 1, 2009
I Love Lucy Trivia
2,912
3.86
Television
Dec 20, 2009
50 Greatest Cartoon Characters
1,781
2.25
Entertainment
Apr 10, 2010
Go to Creator's Profile
Score Distribution
Quiz Creator Spotlight
gandalf
Follow
Send a Message
Quizzes Created
-
Created Quiz Play Count
-
More By This Creator
Popular Quizzes Today
1
Find the US States - No Outlines Minefield
2
Find the Countries of Europe - No Outlines Minefield
3
The Countries of the World
4
Find the US States
5
Risky Map Clicking: Biggest States A-Z
6
US States
7
Popular People in 1961
8
Movies - When Are They Set?
More Television Quizzes
Stranger Things Episode Appearances: Season 1
Quiz Lab
Trending Quizzes
Risky Map Clicking: Least Populous States A-Z
1-10 Letter G Words
Risky Map Clicking: Next State Alphabetically
Adjectives in 80s TV Shows
The Seven Year Switch: Catherine
Recently Updated
Leaping Animals
pecheneg
Reality TV Shows (A-Z)
bhenderson79
Rickey Henderson's Hall of Fame Teammates
pecheneg
Champions League XIs: Arsenal
pecheneg
Quick Pick: Celebrities in WWE's Hall of Fame
aduchscher
A-Z Keypad Blitz II
pecheneg
Multiple Oscar Actors
pecheneg
Mystery Phrase Blitz: Oscar 'Best Actors'
pecheneg
F. Scott Fitzgerald Novels
LTH
Pick 3 Villains
ddd62291
Trending Topics
Kpop
Anime
NBA
Marvel
Harry Potter
Crossword
Disney
The Office
Soccer
NFL
Country
Song
WWE
Pokémon
Puzzle
Your Account Isn't Verified!
In order to create a playlist on Sporcle, you need to verify the email address you used during registration. Go to your
Sporcle Settings
to finish the process.
Report this User
Report this user for behavior that violates our
Community Guidelines
.
Details:
Send Report
Go to the Sporcle.com Mobile Site →
Comments